=LDR 00000nam 2200000 4500 =001 NUTBA000000000005162 =005 20141022120224.0 =006 =007 =008 =020 ##$$a 979-2442-11-1 =035 ##$$a 0010-101400000000392 =040 ##$$a NBPDMAT =090 ##$$a 665 $b Men m =245 ##$$a Mencari bahan bakar alternatif/ Penyunting, Sriyanto... [et.all] =250 ##$$a Cet. 2 =260 ##$$a Jakarta : $b Citra Unggul Laksana, $c 2011 =300 ##$$a 48 hlm. : $b ilus. ; $c 19 cm. =500 ##$$a Bibilografi : hlm. 46 =650 ##$$a Bahan Bakar Alternatif =700 ##$$a Sriyanto =850 ##$$a NBPDMAT